[Event "Match"]
[Site "www.echecsemail.com"]
[Date "2020.03.31"]
[Round "1"]
[White "Ket"]
[Black "Hundegana"]
[WhiteElo "999"]
[BlackElo "1990"]
[Result "1-0"]
[Round "1"]
1.e4 c5
2.Ng1f3 e6
3.Bf1c4 Nb8c6
4.d4 cxd4
5.Nf3xd4 Ng8f6
6.Nb1c3 a6
7.O-O Bf8c5
8.Nd4f3 O-O
9.Bc1g5 h6
10.Bg5h4 g5
11.Bh4g3 Kg7
12.Nf3e5 b5
13.Ne5xc6 dxc6
14.Qd1f3 bxc4
15.Bg3e5 Kg6
16.h4 Nf6h5
17.Ra1d1 Qd8e7
18.Nc3a4 Bc5a7
19.Be5d6 Qe7e8
20.Bd6xf8 Qe8xf8
21.e5 Bc8b7
22.Rd1d7 Bb7c8
23.Rd7d6 Qf8e8
24.hxg5 hxg5
25.Qf3xc6 Qe8xc6
26.Rd6xc6 Ra8b8
27.Rf1d1 Bc8b7
28.Rc6c7 c3
29.Na4xc3 Ba7b6
30.Rc7d7 Nh5f4
31.g3 Nf4h3
32.Kf1 Nh3xf2
33.Rd1d2 Nf2g4
34.Nc3a4 Bb6e3
35.Rd7d8 Rb8xd8
36.Rd2xd8 Ng4xe5
37.b3 Bb7e4
38.c4 Kf5
39.Na4c3 Be4f3
40.Rd8c8 Kg4
41.Nc3e2 Ne5d3
42.Rc8b8 f5
43.b4 Nd3e5
44.c5 Ne5c6
45.Rb8b6 Nc6d4
46.Ne2xd4 Be3xd4
47.Rb6xe6 Kxg3
48.Re6xa6 g4
49.c6 Kf4
50.c7 Bf3b7
51.Ra6a8 Kf3
52.c8Q Bb7xc8
53.Ra8xc8 g3
54.Rc8g8 f4
55.a4 Ke4
56.Kg2 Bd4e3
57.a5 Kd5
58.Rg8c8 Kd6
59.b5 Kd7
60.Rc8c2 Be3a7
61.b6 Ba7b8
62.a6 Bb8e5
63.a7 Ke6
64.a8Q Kf5
65.Kf3 Be5f6
66.Rc2c5 Bf6e5
67.Qa8f8 Kg6
68.Rc5xe5 g2
69.Qf8d6 Kf7
70.Re5e7 Kf8
71.Qd6d8 
1-0

[Event "Tourn. n10312"]
[Site "www.chess-mail.com"]
[Date "2020.03.31"]
[Round "1"]
[White "Madz123456"]
[Black "Roque1"]
[WhiteElo "1930"]
[BlackElo "1940"]
[Result "1-0"]
[Round "1"]
1.e4 c5
2.Ng1f3 e6
3.d4 cxd4
4.Bf1c4 d5
5.exd5 exd5
6.Bc4b5 Bc8d7
7.Bb5xd7 Nb8xd7
8.O-O Ng8f6
9.Nf3xd4 Bf8c5
10.Rf1e1 Nf6e4
11.f3 Qd8f6
12.Bc1e3 Ne4d6
13.Be3g5 { resign }
1-0

[Event "Match"]
[Site "www.echecsemail.com"]
[Date "2020.03.31"]
[Round "1"]
[White "Bjonil60"]
[Black "Ket"]
[WhiteElo "1480"]
[BlackElo "999"]
[Result "0-1"]
[Round "1"]
1.Nb1c3 e5
2.e4 Ng8f6
3.Qd1e2 Nb8c6
4.Ng1f3 d6
5.b3 Bf8e7
6.g3 Bc8g4
7.d3 Nc6d4
8.Nf3xd4 Bg4xe2
9.Nd4xe2 O-O
10.f3 d5
11.Bf1g2 dxe4
12.fxe4 Be7b4
13.Bc1d2 Qd8d6
14.Nc3b5 Bb4xd2
15.Kxd2 Qd6b4
16.Nb5c3 Ra8d8
17.Ne2c1 Rd8d4
18.Nc1e2 Rf8d8
 { time }
0-1

[Event "Match"]
[Site "www.echecsemail.com"]
[Date "2020.03.31"]
[Round "1"]
[White "Patriciomeza"]
[Black "Micheles"]
[WhiteElo "1809"]
[BlackElo "2620"]
[Result "1/2-1/2"]
[Round "1"]
1.e4 c6
2.d4 d5
3.Nb1d2 dxe4
4.Nd2xe4 Bc8f5
5.Ne4g3 Bf5g6
6.h4 h6
7.Ng1f3 Nb8d7
8.h5 Bg6h7
9.Bf1d3 Bh7xd3
10.Qd1xd3 Qd8c7
11.Bc1d2 e6
12.O-O-O Ng8f6
13.Ng3e4 O-O-O
14.g3 Nf6xe4
15.Qd3xe4 Nd7f6
16.Qe4e2 Bf8d6
17.c4 c5
18.Bd2c3 cxd4
19.Nf3xd4 a6
20.a3 Rd8d7
21.b4 Rh8d8
22.Kc2 Bd6e7
23.Rd1d2 { draw }
1/2-1/2

[Event "Tourn. n10281"]
[Site "www.chess-mail.com"]
[Date "2020.03.31"]
[Round "1"]
[White "Ket"]
[Black "Vasylpuzanov"]
[WhiteElo "1970"]
[BlackElo "1470"]
[Result "1-0"]
[Round "1"]
1.e4 e5
2.Ng1f3 Nb8c6
3.Bf1c4 Bf8c5
4.O-O Ng8f6
5.Nb1c3 O-O
6.d3 h6
7.Bc1e3  { time }
1-0

[Event "Tourn. n10265"]
[Site "www.chess-mail.com"]
[Date "2020.03.31"]
[Round "1"]
[White "Rons"]
[Black "Said13"]
[WhiteElo "2560"]
[BlackElo "2570"]
[Result "1-0"]
[Round "1"]
1.e4 c5
2.Ng1f3 d6
3.d4 cxd4
4.Nf3xd4 Ng8f6
5.Nb1c3 a6
6.Bc1g5 e5
7.Nd4f5 Nb8c6
8.Qd1f3 Bc8xf5
9.exf5 Nc6d4
10.Qf3xb7 Bf8e7
11.Bg5xf6 Be7xf6
12.Bf1d3 O-O
13.Qb7e4 Ra8b8
14.Ra1b1 Rb8b4
15.Qe4d5 Qd8c8
16.O-O Nd4xf5
17.Qd5a5 Rb4d4
18.Qa5xa6 Qc8xa6
19.Bd3xa6 e4
20.Rf1d1 Rf8b8
21.Rd1xd4 Bf6xd4
22.Nc3xe4 Rb8xb2
23.Rb1xb2 Bd4xb2
24.Ba6c4 Bb2a3
25.Ne4g5 Nf5h6
26.f3 g6
27.Kf2 Kg7
28.g4 Kh8
29.Kg3 f6
30.Ng5e4 Kg7
31.Ne4c3 g5
32.Nc3b5 Ba3b4
33.h3 f5
34.c3 Bb4a5
35.f4 Kf6
36.fxg5 Kxg5
37.h4 Kg6
38.g5 Nh6g4
39.Bc4e6 Ng4e3
40.Kf3 Ne3d1
41.Nb5xd6 Nd1xc3
42.Be6xf5 Kg7
43.Nd6e8 Kh8
44.Ne8f6 h6
45.gxh6 Ba5d8
46.Nf6d7 Bd8xh4
47.Kg4 Bh4e7
48.Nd7e5 Be7f6
49.Ne5f7 Kg8
50.Bf5e6 Kh7
51.Kh5 Nc3e2
52.Be6f5 Kg8
53.Kg6  { time }
1-0

[Event "1/16 Finale"]
[Site "www.chess-mail.com"]
[Date "2020.03.31"]
[Round "1"]
[White "Nimzo"]
[Black "Asoka"]
[WhiteElo "2810"]
[BlackElo "2730"]
[Result "1/2-1/2"]
[Round "1"]
1.d4 Ng8f6
2.Ng1f3 g6
3.c4 Bf8g7
4.g3 O-O
5.Bf1g2 c6
6.Nb1c3 d5
7.cxd5 cxd5
8.Nf3e5 Bc8f5
9.O-O Nb8c6
10.Bc1e3 h5
11.Ra1c1 Ra8c8
12.Rf1e1 { draw }
1/2-1/2

[Event "1/128 Finale"]
[Site "www.chess-mail.com"]
[Date "2020.03.31"]
[Round "1"]
[White "Ket"]
[Black "Orchidee"]
[WhiteElo "2119"]
[BlackElo "1809"]
[Result "0-1"]
[Round "1"]
1.e4 c5
2.Ng1f3 Nb8c6
3.d4 cxd4
4.Nf3xd4 d6
5.Nb1c3 g6
6.Bc1e3 Bf8g7
7.Qd1d2 Ng8f6
8.f3 O-O
9.O-O-O Rf8e8
10.g4 a6
11.h4 b5
12.h5 Nc6e5
13.hxg6 fxg6
14.Qd2h2 e6
15.Be3g5 b4
16.Bg5xf6 Qd8xf6
17.Qh2xh7 Kf7
18.Qh7h3 bxc3
19.Bf1e2 Qf6f4
20.Kb1 Re8h8
21.Qh3g2 Rh8xh1
22.Rd1xh1 cxb2
23.Rh1d1 Bg7h6
24.Qg2f1 Qf4c1
{ resign }
0-1

[Event "Tourn. n10326"]
[Site "www.chess-mail.com"]
[Date "2020.03.31"]
[Round "1"]
[White "Madz123456"]
[Black "Ket"]
[WhiteElo "2000"]
[BlackElo "2119"]
[Result "1-0"]
[Round "1"]
1.e4 c5
2.Ng1f3 Nb8c6
3.Bf1b5 d6
4.O-O Ng8f6
5.e5 Nf6d5
6.d4 cxd4
7.Nf3xd4 Bc8d7
8.exd6 exd6
9.Qd1f3 Nc6xd4
10.Bb5xd7 Qd8xd7
11.Qf3xd5 Nd4e6
12.Nb1c3 Bf8e7
13.Rf1e1 O-O
14.Qd5f5 Rf8e8
15.Nc3d5 Ra8c8
16.Bc1d2 Be7f8
17.Re1e3 Ne6c5
18.Nd5f6 gxf6
19.Re3g3 { resign }
1-0

[Event "1/64 Finale"]
[Site "www.chess-mail.com"]
[Date "2020.03.31"]
[Round "1"]
[White "Osopanda"]
[Black "Gandalf50"]
[WhiteElo "1820"]
[BlackElo "2570"]
[Result "0-1"]
[Round "1"]
1.e4 c5
2.Ng1f3 d6
3.d4 cxd4
4.Nf3xd4 Ng8f6
5.Nb1c3 a6
6.Bf1e2 e5
7.Nd4b3 Bc8e6
8.Bc1g5 Bf8e7
9.Qd1d2 Nb8d7
10.O-O-O O-O
11.f3 h6
12.Bg5xf6 Nd7xf6
13.Nc3d5 Nf6xd5
14.exd5 Be7g5
{ resign }
0-1

[Event "Tourn. n10312"]
[Site "www.chess-mail.com"]
[Date "2020.03.31"]
[Round "1"]
[White "Hundegana"]
[Black "Coraza"]
[WhiteElo "1990"]
[BlackElo "1860"]
[Result "1-0"]
[Round "1"]
1.c4 e5
2.Nb1c3 Ng8f6
3.g3 Bf8b4
4.Nc3b1 Nb8c6
5.Bf1g2 Nc6e7
6.Ng1f3 Nf6g4
7.h3 Ng4f6
8.Nf3xe5 O-O
9.O-O d6
10.Ne5d3 Bb4c5
11.e3 Bc8f5
12.Nd3xc5 dxc5
13.Bg2xb7 Ra8b8
14.Bb7g2 Bf5xb1
15.Ra1xb1 Rb8b6
16.b3 Rb6a6
17.a3 Ra6d6
18.Rb1b2 a5
19.b4 axb4
20.axb4 Nf6d7
21.bxc5 Rd6e6
22.Rb2b7 Nd7xc5
23.Rb7a7 Re6d6
24.Ra7a8 Qd8d7
25.Ra8xf8 Kxf8
26.d4 Qd7e6
27.Qd1c2 Nc5d7
28.Bc1a3 Rd6a6
29.Rf1a1 Ra6b6
30.Ba3xe7 Kxe7
31.Ra1a7 c5
32.d5 Qe6f6
33.Qc2e4 Kd6
34.f4 Qf6c3
35.h4 Qc3e1
36.Kh2 g6
37.Qe4e8 { resign }
1-0

[Event "1/128 Finale"]
[Site "www.chess-mail.com"]
[Date "2020.04.01"]
[Round "1"]
[White "Pariolinius"]
[Black "Ket"]
[WhiteElo "2000"]
[BlackElo "999"]
[Result "1-0"]
[Round "1"]
1.Ng1f3 d5
2.g3 Ng8f6
3.Bf1g2 e6
4.d4 c5
5.Bc1g5 Bf8e7
6.O-O O-O
7.c3 Nb8c6
8.e3 Rf8e8
9.Nb1d2 cxd4
10.exd4 Qd8b6
11.Qd1c2 Bc8d7
12.Ra1b1 Ra8c8
13.Rf1e1 h6
14.Bg5f4 Nf6h5
15.Bf4e3 Qb6a5
16.a3 Nh5f6
17.Rb1a1 a6
18.b4 Qa5c7
19.Be3f4 Be7d6
20.Bf4xd6 Qc7xd6
21.Nd2b3 Nf6e4
22.Nb3c5 Ne4xc5
23.bxc5 Qd6e7
24.Ra1b1 Nc6a5
25.Nf3e5 Bd7b5
26.a4 Bb5c4
27.Ne5xc4 Na5xc4
28.Rb1b3 Rc8c7
29.Bg2xd5 Nc4a5
30.Rb3b1 Qe7f6
31.Bd5g2 Re8d8
32.Qc2b2 Na5c4
33.Qb2a2 Nc4a5
34.Qa2e2 Na5c6
35.Bg2xc6 bxc6
36.Qe2e5 Qf6xe5
37.Re1xe5 Rc7c8
38.a5 Rc8b8
39.Rb1b6 Rb8xb6
40.cxb6 Kf8
41.Re5c5 Rd8c8
42.Rc5c4 Ke7
43.b7 Rc8b8
44.Rc4b4 Kd7
45.Rb4b6 Kc7
46.c4 Rb8xb7
47.c5 f6
48.f4 g6
49.Kf2 Rb7b8
50.Ke3 { resign }
1-0

[Event "Pariolinius great tourney"]
[Site "www.echecsemail.com"]
[Date "2020.04.01"]
[Round "1"]
[White "Pariolinius"]
[Black "Ket"]
[WhiteElo "2030"]
[BlackElo "2029"]
[Result "1-0"]
[Round "1"]
1.c4 e5
2.Nb1c3 Nb8c6
3.g3 Ng8f6
4.Bf1g2 d6
5.d3 Bf8e7
6.Ng1f3 O-O
7.a3 Bc8f5
8.e4 Bf5g4
9.O-O Qd8d7
10.Qd1b3 Ra8b8
11.Nc3d5 Bg4xf3
12.Bg2xf3 Nc6d4
13.Nd5xe7 Qd7xe7
14.Qb3d1 Rf8e8
15.Bf3g2 c6
16.Bc1e3 c5
17.Be3xd4 cxd4
18.b4 b5
19.Ra1c1 Re8c8
20.cxb5 Qe7b7
21.a4 h6
22.Qd1b3 Qb7b6
23.Rc1c2 Rc8xc2
24.Qb3xc2 Qb6b7
25.Rf1c1 a6
26.Qc2c6 axb5
27.Qc6xb7 Rb8xb7
28.a5 Nf6d7
29.Rc1c6 Kf8
30.Bg2h3 Ke7
31.Bh3xd7 Kxd7
32.Rc6c2 Rb7a7
33.Kf1 Ke6
34.Ke2 f5
35.f3 g5
36.Rc2c6 Ra7b7
37.Rc6c8 Kf6
38.Rc8f8 { resign }
1-0

[Event "Pariolinius great tourney"]
[Site "www.echecsemail.com"]
[Date "2020.04.01"]
[Round "1"]
[White "Pariolinius"]
[Black "Passaroa25"]
[WhiteElo "2030"]
[BlackElo "1690"]
[Result "1-0"]
[Round "1"]
1.e4 Ng8f6
2.e5 Nf6d5
3.d4 e6
4.Ng1f3 h6
5.c4 Nd5e7
6.Bf1d3 c6
7.Nb1c3 Ne7f5
8.O-O Bf8e7
9.a3 O-O
10.b4 Nb8a6
11.c5 Na6c7
12.a4 Nc7d5
13.Nc3xd5 exd5
14.Bd3xf5 a6
15.a5 Ra8b8
16.Bc1f4 Be7g5
17.Nf3xg5 hxg5
18.Qd1h5 f6
19.Bf5g6 { resign }
1-0

[Event "Tourn. n10339"]
[Site "www.chess-mail.com"]
[Date "2020.04.01"]
[Round "1"]
[White "Madz123456"]
[Black "Ket"]
[WhiteElo "2030"]
[BlackElo "2150"]
[Result "1-0"]
[Round "1"]
1.e4 c5
2.Ng1f3 d6
3.d4 cxd4
4.Nf3xd4 Ng8f6
5.Nb1c3 e5
6.Bf1b5 Bc8d7
7.Bb5xd7 Nb8xd7
8.Nd4f5 Nd7c5
9.Bc1g5 h6
10.Bg5xf6 Qd8xf6
11.Qd1e2 a6
12.O-O-O O-O-O
13.b4 Nc5e6
14.Nc3d5 { resign }
1-0

[Event "Match"]
[Site "www.echecsemail.com"]
[Date "2020.04.01"]
[Round "1"]
[White "Phil4be"]
[Black "Cal"]
[WhiteElo "1499"]
[BlackElo "1680"]
[Result "0-1"]
[Round "1"]
1.g4 e5
2.Bf1g2 d5
3.c4 d4
4.Qd1b3 Nb8c6
5.h3 h6
6.Qb3a4 Bc8d7
7.Qa4b3 b6
8.Ng1f3 Bf8c5
9.O-O Ng8f6
10.Rf1e1 O-O
11.d3 a6
12.Nb1d2 a5
13.Nd2e4 Nf6xe4
14.Nf3h2 Ne4f6
15.Bc1d2 Bd7e6
16.Bg2xc6 Ra8b8
17.Nh2f3 Qd8d6
18.Bc6a4 c6
19.Qb3c2 Bc5b4
20.Bd2xb4 axb4
21.Ba4b3 c5
22.Ra1b1 h5
23.g5 Nf6h7
24.h4 Be6g4
25.Nf3h2 Bg4h3
26.Nh2f3 g6
27.e4 Qd6e6
28.Kh2 Qe6g4
29.Re1g1 Qg4xf3
30.Qc2d2 Bh3g4
31.Rg1g3 Qf3e2
32.Qd2xe2 Bg4xe2
33.Bb3c2 f5
34.exf5 Rf8xf5
35.Bc2a4 Rf5xf2
36.Rg3g2 Rf2xg2
37.Kxg2 Be2xd3
38.Rb1e1 Bd3xc4
39.Re1xe5 Rb8f8
40.Ba4b3 Kh8
41.Bb3xc4 Rf8c8
42.b3 Rc8d8
43.Re5e6 d3
44.Re6e1 Nh7f8
45.Re1d1 d2
46.Kf2 Rd8d4
47.Ke2 Nf8d7
48.Rd1xd2 Nd7e5
49.Rd2xd4 cxd4
50.Kd2 Kg7
51.Ke2 Kf8
52.Kd2 Ne5f3
53.Ke2 Nf3xh4
54.Kf2 Ke7
55.Kg3 Nh4f5
56.Kf4 Nf5e3
57.Ke4 h4
58.Kf3 Kd6
59.Kf2 Ke5
60.Kg1 Ne3xc4
61.bxc4 Ke4
62.Kg2 d3
63.Kf2 h3
64.Kg1 Ke3
65.Kh2 d2
66.Kxh3 d1Q
67.c5 bxc5
{ resign }
0-1

[Event "Tourn. n10305"]
[Site "www.chess-mail.com"]
[Date "2020.04.01"]
[Round "1"]
[White "Jackbauer"]
[Black "Roque1"]
[WhiteElo "1900"]
[BlackElo "1920"]
[Result "0-1"]
[Round "1"]
1.e4 e5
2.f4 Nb8c6
3.Ng1f3 d6
4.Bf1c4 Ng8f6
5.Nb1c3 Bc8g4
6.O-O exf4
7.d4 Bf8e7
8.Bc1xf4 O-O
9.a3 Nc6xd4
10.Qd1xd4 c6
11.b4 b5
12.Bc4e2 Nf6h5
13.Bf4d2 Be7f6
14.Qd4d3 c5
15.Nc3xb5 Qd8b6
16.Kh1 Bf6xa1
17.Rf1xa1 Ra8c8
18.a4 cxb4
19.Bd2xb4 Nh5f4
20.Qd3d2 Qb6f2
21.Qd2xf4 Rc8xc2
22.Nb5d4 Bg4xf3
23.Nd4xc2 Qf2xg2

0-1

[Event "Tourn. n10299"]
[Site "www.chess-mail.com"]
[Date "2020.04.01"]
[Round "1"]
[White "Fereike"]
[Black "Hansen"]
[WhiteElo "1570"]
[BlackElo "1660"]
[Result "0-1"]
[Round "1"]
1.e4 d5
2.exd5 Qd8xd5
3.Nb1c3 Qd5d4
4.Ng1f3 Qd4f6
5.d4 Bc8g4
6.Bf1e2 Nb8c6
7.Bc1e3 h6
8.O-O Bg4xf3
9.Be2xf3 Nc6b4
10.a3 Nb4a6
11.Bf3xb7 Ra8b8
12.Bb7xa6 Rb8xb2
 { time }
0-1

[Event "Tourn. n10304"]
[Site "www.chess-mail.com"]
[Date "2020.04.01"]
[Round "1"]
[White "Coolant"]
[Black "Numanoid"]
[WhiteElo "2370"]
[BlackElo "2780"]
[Result "0-1"]
[Round "1"]
1.c4 e6
2.Nb1c3 d5
3.d4 c5
4.cxd5 exd5
5.e4 dxe4
6.d5 f5
7.f3 Ng8f6
8.Bc1g5 Bf8d6
9.fxe4 O-O
10.Bf1d3 Nb8d7
11.exf5 Qd8b6
12.Qd1d2 Nd7e5
13.O-O-O Ne5xd3
14.Qd2xd3 Nf6g4
15.Rd1f1 Ng4e5
16.Qd3b5 Bc8xf5
17.Ng1e2 Qb6c7
18.Bg5f4 a6
19.Qb5b3 c4
20.Qb3d1 Ne5d3
{ resign }
0-1

[Event "Tourn. n10334"]
[Site "www.chess-mail.com"]
[Date "2020.04.01"]
[Round "1"]
[White "Ket"]
[Black "Madz123456"]
[WhiteElo "2080"]
[BlackElo "2030"]
[Result "0-1"]
[Round "1"]
1.e4 c5
2.Ng1f3 Nb8c6
3.d4 cxd4
4.Nf3xd4 Ng8f6
5.Nb1c3 e5
6.Nd4b3 Bf8b4
7.Bf1d3 d5
8.exd5 Nf6xd5
9.Bc1d2 Nd5xc3
10.bxc3 Bb4d6
11.O-O O-O
12.Rf1e1 Bc8e6
13.Bd2e3 b6
14.Bd3e4 Qd8c7
15.Qd1f3 Ra8c8
16.Re1d1 Nc6e7
17.Be4b7 Rc8d8
18.Rd1d3 f5
{ resign }
0-1

[Event "1/32 Finale"]
[Site "www.chess-mail.com"]
[Date "2020.04.01"]
[Round "1"]
[White "Hennie4820"]
[Black "Lakeknight"]
[WhiteElo "2100"]
[BlackElo "2430"]
[Result "1-0"]
[Round "1"]
1.e4 Nb8c6
2.d4 e5
3.Ng1f3 exd4
4.Bf1c4 Bf8e7
5.c3 d3
6.Qd1b3 Nc6a5
7.Bc4xf7 Kf8
8.Qb3a4 Kxf7
9.Qa4xa5 d6
10.O-O Kf8
11.Bc1f4 Bc8e6
12.Nb1d2 c6
13.Qa5xd8 Ra8xd8
14.a3 Ng8f6
15.Ra1d1 Be6f7
16.Nd2b1 h6
17.Rf1e1 Bf7c4
18.Nb1d2 Bc4a6
19.e5  { time }
1-0

[Event "Tourn. n10326"]
[Site "www.chess-mail.com"]
[Date "2020.04.01"]
[Round "1"]
[White "Fantomas"]
[Black "Madz123456"]
[WhiteElo "2140"]
[BlackElo "2000"]
[Result "0-1"]
[Round "1"]
1.e4 c5
2.Ng1f3 d6
3.Bf1c4 Ng8f6
4.Nf3g5 e6
5.Bc4d3 Nb8c6
6.c3 d5
7.O-O h6
8.Ng5h3 Nf6xe4
9.Rf1e1 Ne4g5
10.Nh3f4 Bf8d6
11.Nf4e2 O-O
12.Bd3c2 e5
13.d4 e4
14.Bc1e3 Bc8g4
15.h3 Ng5xh3
16.Kf1 Qd8h4
17.Qd1d2 Nh3g5
18.Ne2g1 Qh4h1
19.f4 Ng5f3
20.gxf3 exf3
21.Re1c1 Ra8e8
22.Qd2d3 Qh1g2
23.Ke1 f2
{ resign }
0-1

[Event "Match"]
[Site "www.echecsemail.com"]
[Date "2020.04.01"]
[Round "1"]
[White "Hundegana"]
[Black "Ll69"]
[WhiteElo "1990"]
[BlackElo "2290"]
[Result "0-1"]
[Round "1"]
1.c4 Ng8f6
2.Nb1c3 g6
3.g3 Bf8g7
4.d4 O-O
5.Bf1g2 d6
6.Ng1f3 Nb8d7
7.O-O e5
8.dxe5 Nd7xe5
9.Nf3xe5 dxe5
10.Bc1g5 Qd8xd1
11.Ra1xd1 h6
12.Bg5xf6 Bg7xf6
13.Nc3e4 Bf6g7
14.Rd1d2 f5
15.Ne4c5 e4
16.e3 b6
17.Nc5b3 Bc8e6
18.Rf1c1 c5
19.Bg2f1 Ra8d8
20.Rc1d1 Rd8xd2
21.Rd1xd2 g5
22.Nb3c1 Kf7
23.Bf1e2 Ke7
24.f3 exf3
25.Be2xf3 Be6xc4
26.Kf2 Rf8d8
27.Rd2xd8 Kxd8
28.b3 Bc4e6
29.Nc1e2 Kc7
30.e4 fxe4
31.Bf3xe4 b5
32.Ke3 Kb6
33.h4 Ka5
34.hxg5 hxg5
35.Kd3 Kb4
36.Kc2 Ka3
37.Kb1 Bg7e5
38.Be4d3 a6
39.Bd3e4 c4
40.bxc4 Be6xc4
41.Ne2c1 a5
42.g4 Be5b2
43.Nc1b3 a4
44.Nb3d2 Bc4xa2
45.Kc2 Bb2f6
46.Be4f5 Kb4
47.Nd2e4 Ba2b3
48.Kb1 Bf6g7
49.Ne4xg5 a3
50.Kc1 a2
51.Kd2 Bg7h6
52.Kd3 Bh6xg5
53.Kd4 a1Q
54.Ke4 Qa1e1
55.Kf3 Bb3d5
{ resign }
0-1

[Event "Match"]
[Site "www.echecsemail.com"]
[Date "2020.04.01"]
[Round "1"]
[White "Eeze"]
[Black "Apdash"]
[WhiteElo "1670"]
[BlackElo "2280"]
[Result "0-1"]
[Round "1"]
1.e4 c5
2.Ng1f3 d6
3.h3 Nb8c6
4.c3 Ng8f6
5.d3 e6
6.Bc1g5 Bf8e7
7.Bf1e2 O-O
8.Qd1c2 h6
9.Bg5h4 Nf6h5
10.Bh4xe7 Qd8xe7
11.d4 Nh5f4
12.g3 Nf4xe2
13.Qc2xe2 cxd4
14.cxd4 f5
15.e5 dxe5
16.dxe5 Qe7b4
17.Nb1c3 Bc8d7
18.O-O-O Bd7e8
19.Nf3d2 Ra8c8
20.Nd2b3 a5
21.Qe2b5 Qb4xb5
22.Nc3xb5 Nc6b4
23.Nb5c3 Nb4xa2
24.Kb1 Na2xc3
25.bxc3 a4
26.Nb3a5 b6
27.Na5b7 Rc8xc3
28.Nb7d6 b5
29.Rd1d2 b4
30.Rh1c1 Rc3xc1
31.Kxc1 Be8c6
32.Nd6c4 Bc6d5
33.Nc4e3 Rf8c8
34.Kb2 a3
35.Kb1 Bd5e4
36.Ka2 Rc8c1
37.Kb3 Rc1b1
38.Ka2 g5
39.f4 Rb1e1
40.Ne3c2 Be4xc2
41.Rd2xc2 Re1e3
42.Rc2c4 Re3xg3
43.Rc4xb4 Rg3xh3
44.fxg5 hxg5
45.Rb4b6 Kf7
46.Rb6b7 Kg6
47.Rb7e7 f4
48.Re7xe6 Kf5
49.Re6e8 Rh3e3
50.e6 Re3xe6
51.Re8f8 Kg4
52.Kxa3 f3
53.Rf8xf3 Kxf3
54.Kb4 g4
55.Kc4 { time. }
0-1

[Event "Match"]
[Site "www.echecsemail.com"]
[Date "2020.04.01"]
[Round "1"]
[White "Eeze"]
[Black "Patriciomeza"]
[WhiteElo "1730"]
[BlackElo "2369"]
[Result "0-1"]
[Round "1"]
1.e4 Ng8f6
2.d3 e5
3.c3 d5
4.Qd1c2 c5
5.Bc1g5 Bf8e7
6.h3 Nb8c6
7.Bf1e2 O-O
8.Nb1d2 Bc8e6
9.Be2f3 d4
10.c4 Nc6b4
11.Qc2b3 a5
12.a4 { time. }
0-1

[Event "Tourn. n10316"]
[Site "www.chess-mail.com"]
[Date "2020.04.02"]
[Round "1"]
[White "Madz123456"]
[Black "Andychesston"]
[WhiteElo "1960"]
[BlackElo "1930"]
[Result "1-0"]
[Round "1"]
1.e4 e5
2.Ng1f3 Nb8c6
3.d4 exd4
4.Nf3xd4 Bf8e7
5.Nb1c3 Be7b4
6.Nd4xc6 bxc6
7.Qd1d4 Bb4xc3
8.Qd4xc3 Ng8f6
9.b3 Nf6xe4
10.Qc3xg7 Qd8f6
11.Qg7xf6 Ne4xf6
12.Bc1b2 Ke7
13.Bf1d3 a5
14.O-O Rh8g8
15.Rf1e1 Kd6
16.Bb2xf6 Bc8b7
17.Bf6e7 Kd5
18.Bd3e4 Ke6
19.Be4xh7 Kd5
20.Ra1d1 { resign }
1-0

[Event "Tourn. n10275"]
[Site "www.chess-mail.com"]
[Date "2020.04.02"]
[Round "1"]
[White "D4minance"]
[Black "Pdebonis"]
[WhiteElo "2890"]
[BlackElo "2720"]
[Result "1-0"]
[Round "1"]
1.d4 Ng8f6
2.c4 e6
3.Nb1c3 Bf8b4
4.g3 Bb4xc3
5.bxc3 O-O
6.Bf1g2 d6
7.Ng1f3 Bc8d7
8.Nf3h4 Nb8c6
9.e4 e5
10.O-O Rf8e8
11.Qd1d3 h6
12.h3 a6
13.f4 exf4
14.Bc1xf4 g5
15.Bf4e3 gxh4
16.e5 dxe5
17.Be3xh6 exd4
18.Bh6g5 Re8e3
19.Qd3d1 Re3e6
20.cxd4 Qd8e7
21.Kh1 Qe7d6
22.d5 Nf6e4
23.Bg5f4 Ne4xg3
24.Bf4xg3 hxg3
25.dxe6 Bd7xe6
26.Qd1b3 Ra8d8
27.Ra1d1 Qd6e5
28.Rd1e1 Qe5g5
29.Re1e3 Qg5h4
30.Re3e4 Qh4g5
31.h4 Qg5g6
32.Qb3xb7 Be6h3
33.Qb7b2 Bh3e6
34.Re4f4 Nc6e7
35.Qb2e5 Rd8d2
36.Rf4f3 Be6h3
37.Rf3xg3 Bh3xg2
38.Kg1 Bg2xf1
39.Kxf1 Rd2d1
40.Ke2 Rd1d6
41.Rg3xg6 Ne7xg6
42.Qe5g5 Kh8
43.h5 Rd6e6
44.Kd3 { resign }
1-0

[Event "Tourn. n10323"]
[Site "www.chess-mail.com"]
[Date "2020.04.02"]
[Round "1"]
[White "D4minance"]
[Black "Dementia"]
[WhiteElo "2890"]
[BlackElo "2659"]
[Result "1-0"]
[Round "1"]
1.d4 a6
2.e4 b5
3.Ng1f3 e6
4.Bf1d3 c5
5.c3 Bc8b7
6.O-O Ng8f6
7.e5 Nf6d5
8.dxc5 Bf8xc5
9.a4 Qd8c7
10.axb5 axb5
11.Ra1xa8 Bb7xa8
12.Bd3xb5  { time }
1-0

[Event "Match"]
[Site "www.echecsemail.com"]
[Date "2020.04.02"]
[Round "1"]
[White "Apdash"]
[Black "Churrasca"]
[WhiteElo "2220"]
[BlackElo "2350"]
[Result "1-0"]
[Round "1"]
1.e4 c5
2.Ng1f3 d6
3.d4 cxd4
4.Nf3xd4 Ng8f6
5.Nb1c3 a6
6.Bc1g5 e6
7.Bf1e2 Bf8e7
8.O-O O-O
9.Qd1d2 b5
10.Ra1d1 Bc8b7
11.f3 Nb8d7
12.Kh1 h6
13.Bg5e3 Ra8c8
14.Be2d3  { time }
1-0

[Event "Tourn. n10310"]
[Site "www.chess-mail.com"]
[Date "2020.04.02"]
[Round "1"]
[White "Jerome"]
[Black "Fantomas"]
[WhiteElo "2880"]
[BlackElo "2220"]
[Result "1-0"]
[Round "1"]
1.e4 e6
2.d4 d5
3.Nb1c3 dxe4
4.Nc3xe4 Ng8f6
5.Ne4xf6 Qd8xf6
6.Ng1f3 h6
7.h4 Bc8d7
8.Bc1g5 Qf6f5
9.Bg5e3 Bd7c6
10.Nf3e5 Bf8d6
11.Ne5xc6 Nb8xc6
12.c3 O-O-O
13.Bf1d3 Qf5f6
14.Qd1e2 Nc6e7
15.g3 Ne7d5
16.Be3d2 Nd5b6
17.O-O-O Rh8e8
18.f4 Qf6e7
19.Kb1 c6
20.g4 Qe7c7
21.Qe2f3 Nb6d5
22.Rh1f1 Qc7d7
23.f5 Kb8
24.c4 Nd5c7
25.f6 { resign }
1-0

[Event "Match"]
[Site "www.echecsemail.com"]
[Date "2020.04.02"]
[Round "1"]
[White "Ll69"]
[Black "Paco"]
[WhiteElo "2290"]
[BlackElo "1700"]
[Result "1-0"]
[Round "1"]
1.d4 d5
2.Ng1f3 Nb8c6
3.c4 dxc4
4.d5 Nc6b8
5.e4 e6
6.Nb1c3 Qd8f6
7.Bc1g5 Qf6g6
8.dxe6 f6
9.Nf3e5 Qg6xg5
10.Ne5f7 Bf8d6
11.Nf7xg5 fxg5
12.Bf1xc4 Ng8f6
13.O-O Nb8c6
14.Nc3d5 Nf6xd5
15.exd5 Nc6e7
16.Qd1h5 g6
17.Qh5xg5 O-O
18.h4 a6
19.h5 Rf8f5
20.Qg5e3 Rf5xh5
21.g4 Rh5e5
22.Qe3f3 Kg7
23.Qf3f7 Kh6
24.Qf7f8 Kg5
25.f4 { resign }
1-0

[Event "Match"]
[Site "www.echecsemail.com"]
[Date "2020.04.02"]
[Round "1"]
[White "Cal"]
[Black "Sonny1000"]
[WhiteElo "1730"]
[BlackElo "1590"]
[Result "0-1"]
[Round "1"]
1.c4 c5
2.Nb1c3 a6
3.e4 e6
4.Ng1f3 f6
5.h3 g6
6.d4 Qd8c7
7.d5 e5
8.Bc1e3 h5
9.a3 Bf8d6
10.Bf1d3 Ng8h6
11.O-O Qc7b6
12.b3 Qb6a5
13.Be3d2 b5
14.Nc3xb5 Qa5b6
15.Nb5xd6 Qb6xd6
16.Bd2xh6 Rh8xh6
17.Qd1d2 Rh6h8
18.Nf3h2 Qd6f8
19.Nh2f3 d6
20.Nf3h4 Qf8g7
21.Qd2e3 g5
22.Nh4f3 g4
23.Nf3h4 gxh3
24.g3 Rh8f8
25.Kh2 Qg7g4
26.f3 Qg4g5
27.Qe3e2 Rf8g8
28.b4 Qg5xg3
29.Kh1 Qg3xh4
30.Rf1f2 Rg8g2
31.Ra1f1 Qh4g3
32.Rf2xg2 Qg3xg2
33.Qe2xg2 hxg2
34.Kxg2 Nb8d7
35.Rf1h1 Nd7f8
36.Rh1xh5 Ra8a7
37.Kf2 cxb4
38.axb4 a5
39.b5 a4
40.b6 Ra7b7
41.c5 a3
42.Bd3b1 dxc5
43.Bb1a2 Rb7xb6
44.Kg3 Rb6b2
45.Rh5h2 Rb2xh2
46.Kxh2 Bc8a6
47.Kg3 Ba6d3
48.Kg4 c4
49.Kf5 Bd3xe4
50.Kxe4 Kd7
51.Ba2xc4 Ke7
52.Kf5 Nf8d7
53.Bc4a2 Nd7b6
54.Ke4 Nb6a4
55.Ba2b3 Na4c5
{ resign }
0-1

[Event "Tourn. n10292"]
[Site "www.chess-mail.com"]
[Date "2020.04.02"]
[Round "1"]
[White "Galiany17"]
[Black "Egdiogel"]
[WhiteElo "2560"]
[BlackElo "2410"]
[Result "1/2-1/2"]
[Round "1"]
1.e4 c6
2.d4 d5
3.exd5 cxd5
4.c4 Ng8f6
5.Nb1c3 Nb8c6
6.Ng1f3 Bc8g4
7.cxd5 Nf6xd5
8.Qd1b3 Bg4xf3
9.gxf3 e6
10.Qb3xb7 Nc6xd4
11.Bf1b5 Nd4xb5
12.Qb7xb5 Qd8d7
13.Nc3xd5 exd5
14.Qb5xd7 Kxd7
15.O-O g6
16.Bc1e3 Bf8g7
17.Ra1d1 Kc6
18.Rd1d2 Rh8d8
19.Rf1c1 Kb7
20.Rc1d1 Kc6
21.Kg2 a6
22.Rd1c1 Kb7
23.Rd2d3 Ra8c8
24.Rc1d1 Rd8d6
25.Be3f4 Rd6d7
26.Rd3xd5 Rd7xd5
27.Rd1xd5 Bg7xb2
28.Rd5d7 Kc6
29.Rd7xf7 h5
30.Rf7a7 Kb6
31.Bf4e3 Ka5
32.f4 Bb2c3
33.h4 Kb5
34.Ra7b7 Ka4
35.Rb7b6 a5
36.Rb6xg6 Ka3
37.Rg6g5 Kxa2
38.Rg5xh5 Kb3
39.Rh5b5 Kc4
40.Rb5b7 a4
41.Be3c1 Rc8h8
42.Kg3 Bc3f6
43.Bc1a3 Bf6xh4
44.Kg4 Bh4xf2
45.Rb7b4 Kd3
46.Rb4xa4 Bf2e3
47.f5 Rh8g8
48.Kh4 Rg8g5
49.f6 Rg5f5
50.Ba3e7 { draw }
1/2-1/2

[Event "Tourn. n10329"]
[Site "www.chess-mail.com"]
[Date "2020.04.02"]
[Round "1"]
[White "Liencam2"]
[Black "Ket"]
[WhiteElo "2230"]
[BlackElo "2090"]
[Result "0-1"]
[Round "1"]
1.e4 c5
2.Nb1c3 Nb8c6
3.f4 d6
4.Ng1f3 e6
5.d4 cxd4
6.Nf3xd4 Ng8f6
7.Bc1e3 Bf8e7
8.Bf1e2 O-O
9.O-O a6
10.a4 Qd8c7
11.Kh1 Bc8d7
12.f5 Ra8c8
13.Be2g4 e5
14.Nd4b3 Nc6b4
15.Bg4f3 Rf8d8
16.Bf3e2 d5
17.exd5 Bd7c6
18.Be2f3 Nb4xd5
19.Qd1e1 Nd5xc3
20.bxc3 Bc6xf3
21.Rf1xf3 e4
22.Rf3h3 Qc7xc3
23.Qe1g3 Qc3xc2
24.Be3h6 Rd8d1
{ resign }
0-1